[Event "Francophone-ch 3rd"]
[Site "Montreal"]
[Date "2015.07.22"]
[Round "6"]
[White "Kassis, Antoine"]
[Black "Brodie, Hugh"]
[Result "1-0"]
[WhiteElo "2178"]
[BlackElo "1929"]
[PlyCount "57"]
[EventDate "2015.07.17"]
[EventType "swiss"]
[EventRounds "9"]
[EventCountry "CAN"]
[SourceTitle "EXT 2016"]
[Source "ChessBase"]
[SourceDate "2015.10.08"]
[SourceVersion "1"]
[SourceVersionDate "2015.10.08"]
[SourceQuality "1"]

1. e4 c5 2. Nf3 Nc6 3. d4 cxd4 4. Nxd4 g6 5. c4 Bg7 6. Be3 Nf6 7. Nc3 Ng4 8. Qxg4 Nxd4 9. Qd1 e5 10. Nb5 0-0 11. Qd2 a6 12. Nxd4 exd4 13. Bxd4 Qh4 14. 0-0-0 Qxe4 15. Bxg7 Kxg7 16. h4 h5 17. f3 Qc6 18. Qd4+ Kh6 19. Qf4+ Kg7 20. Rd6 Qa4 21. Qf6+ Kg8 22. Bd3 Qxa2 23. Bxg6 Qxc4+ 24. Bc2 Re8 25. Qg5+ Kf8 26. Qh6+ Kg8 27. Kb1 Qb4 28. Bh7+ Kh8 29. Bg6+ 1-0

[Event "Francophone-ch 3rd"]
[Site "Montreal"]
[Date "2015.07.21"]
[Round "5"]
[White "Brodie, Hugh"]
[Black "Shuman, Nathaniel Lande"]
[Result "1-0"]
[WhiteElo "1929"]
[BlackElo "1616"]
[PlyCount "63"]
[EventDate "2015.07.17"]
[EventType "swiss"]
[EventRounds "9"]
[EventCountry "CAN"]
[SourceTitle "EXT 2016"]
[Source "ChessBase"]
[SourceDate "2015.10.08"]
[SourceVersion "1"]
[SourceVersionDate "2015.10.08"]
[SourceQuality "1"]

1. e4 d5 2. d4 dxe4 3. Nc3 Nf6 4. f3 exf3 5. Qxf3 c6 6. Be3 g6 7. Bc4 Bg7 8. Nge2 0-0 9. 0-0 Nbd7 10. Bb3 Nb6 11. h3 Nbd5 12. Nxd5 Nxd5 13. c3 e6 14. Ng3 Nxe3 15. Qxe3 a5 16. Ne4 a4 17. Bc4 b6 18. Qe2 Ra7 19. Rf3 Bb7 20. Raf1 Bc8 21. Nf6+ Bxf6 22. Rxf6 Qd6 23. h4 Kg7 24. h5 Qg3 25. R1f3 Qg5 26. hxg6 hxg6 27. Qf1 Qg4 28. Bd3 g5 29. Rg6+ fxg6 30. Rxf8 Qf5 31. Bxf5 gxf5 32. Rxc8 1-0

[Event "Montreal Mercredi 10"]
[Site "Montreal"]
[Date "2014.10.15"]
[Round "1"]
[White "Brodie, Hugh"]
[Black "Langlois Remillard, Alexis"]
[Result "0-1"]
[WhiteElo "1882"]
[BlackElo "1828"]
[PlyCount "68"]
[EventDate "2014.10.15"]
[EventType "swiss"]
[EventRounds "5"]
[EventCountry "CAN"]
[SourceTitle "EXT 2022"]
[Source "ChessBase"]
[SourceDate "2021.10.06"]
[SourceVersion "1"]
[SourceVersionDate "2021.10.06"]
[SourceQuality "1"]

1. e4 Nc6 2. Nc3 Nf6 3. d4 d6 4. f3 e5 5. Bb5 exd4 6. Qxd4 Bd7 7. Bxc6 bxc6 8. Nge2 c5 9. Qf2 g6 10. Bg5 h6 11. Qh4 Bg7 12. Be3 Qe7 13. Qf2 Rb8 14. Rb1 0-0 15. 0-0 Rfe8 16. Rfe1 Rb7 17. Nd1 Nh7 18. Nf4 c6 19. Qd2 Nf8 20. c4 Kh7 21. Nc3 Reb8 22. b3 Ne6 23. Nxe6 Bxe6 24. Rbd1 Rd8 25. Na4 Rbd7 26. Qf2 Qf8 27. Rd3 f5 28. exf5 Bxf5 29. Rdd1 Re8 30. Kh1 Rde7 31. Bc1 Bd4 32. Qg3 Bc2 33. Rxe7+ Qxe7 34. Rf1 Qe2 0-1

[Event "Montreal Mercredi 11"]
[Site "Montreal"]
[Date "2013.11.27"]
[Round "3"]
[White "Brodie, Hugh"]
[Black "Gauthier, Luc"]
[Result "1/2-1/2"]
[WhiteElo "1879"]
[BlackElo "1871"]
[PlyCount "86"]
[EventDate "2013.11.13"]
[EventType "swiss"]
[EventRounds "5"]
[EventCountry "CAN"]
[SourceTitle "EXT 2022"]
[Source "ChessBase"]
[SourceDate "2021.10.06"]
[SourceVersion "1"]
[SourceVersionDate "2021.10.06"]
[SourceQuality "1"]

1. e4 Nf6 2. Nc3 d5 3. e5 d4 4. exf6 dxc3 5. fxg7 cxd2+ 6. Bxd2 Bxg7 7. Qh5 Qd4 8. c3 Qe5+ 9. Qxe5 Bxe5 10. Nf3 Bf6 11. Bg5 Bxg5 12. Nxg5 Bf5 13. 0-0-0 h6 14. Nf3 Bg4 15. Be2 Nd7 16. h3 Bxf3 17. Bxf3 0-0-0 18. Rhe1 e6 19. Bh5 Rhf8 20. Kc2 Nf6 21. Rxd8+ Kxd8 22. Bf3 c6 23. Rd1+ Ke7 24. Rd4 Nd5 25. Rh4 Rh8 26. Bxd5 cxd5 27. c4 Rc8 28. b3 dxc4 29. bxc4 Kf6 30. Kd3 Kg5 31. Rd4 Rc7 32. g3 h5 33. Ke4 Rc5 34. Rd7 Rxc4+ 35. Kd3 Ra4 36. Rxb7 Rxa2 37. Rxf7 Kg6 38. Rf8 Kg7 39. Rf4 e5 40. Rf5 Kg6 41. Rf8 Kg7 42. Rf5 Kg6 43. Rf8 Kg7 1/2-1/2

[Event "Quebec op U2000"]
[Site "Montreal"]
[Date "2013.07.22"]
[Round "3"]
[White "Millette, Sylvain"]
[Black "Brodie, Hugh"]
[Result "1/2-1/2"]
[WhiteElo "1789"]
[BlackElo "1913"]
[PlyCount "53"]
[EventDate "2013.07.21"]
[EventType "swiss"]
[EventRounds "9"]
[EventCountry "CAN"]
[SourceTitle "EXT 2022"]
[Source "ChessBase"]
[SourceDate "2021.10.06"]
[SourceVersion "1"]
[SourceVersionDate "2021.10.06"]
[SourceQuality "1"]

1. Nf3 f5 2. e4 fxe4 3. Ng5 e3 4. dxe3 e6 5. h4 Be7 6. Bd3 Bxg5 7. Qh5+ Kf8 8. hxg5 Qe8 9. Qxe8+ Kxe8 10. Rxh7 Rxh7 11. Bxh7 Ne7 12. Bd3 e5 13. Nc3 d6 14. Bd2 Be6 15. 0-0-0 Kf7 16. Rh1 Nbc6 17. f4 a6 18. f5 Bxf5 19. Rf1 Kg6 20. e4 Be6 21. Nd5 Rc8 22. Bc4 Bg8 23. g4 b5 24. Bd3 Be6 25. a4 Bxg4 26. axb5 axb5 27. Bxb5 1/2-1/2

[Event "Quebec op"]
[Site "Montreal"]
[Date "2011.07.24"]
[Round "2.37"]
[White "Caceres Cortes, Julio"]
[Black "Brodie, Hugh"]
[Result "1-0"]
[WhiteElo "1986"]
[BlackElo "1833"]
[PlyCount "67"]
[EventDate "2011.07.23"]
[EventType "swiss"]
[EventRounds "9"]
[EventCountry "CAN"]
[SourceTitle "EXT 2022"]
[Source "ChessBase"]
[SourceDate "2021.10.06"]
[SourceVersion "1"]
[SourceVersionDate "2021.10.06"]
[SourceQuality "1"]

1. e4 c5 2. d4 cxd4 3. c3 d5 4. exd5 Qxd5 5. cxd4 Nc6 6. Nf3 Bg4 7. Be2 e6 8. Nc3 Qa5 9. 0-0 Nf6 10. Bd2 Be7 11. Nb5 Qd8 12. Be3 0-0 13. h3 Bh5 14. Ne5 Bxe2 15. Qxe2 Nd5 16. Rac1 a6 17. Nxc6 bxc6 18. Nc3 Qa5 19. a3 Rfc8 20. Ne4 Qb5 21. Qd2 Rab8 22. Rc2 a5 23. Rfc1 a4 24. Bg5 Bf8 25. Bh4 h6 26. Bg3 Rb6 27. Bd6 Rd8 28. Nc3 Nxc3 29. Bc7 Ne2+ 30. Qxe2 Rxd4 31. Bxb6 Qxb6 32. Rxc6 Qa5 33. Rd1 Rf4 34. Rc8 1-0

[Event "Canadian op"]
[Site "Edmonton"]
[Date "2009.07.17"]
[Round "7"]
[White "Brodie, Hugh"]
[Black "Neumann, Ralph"]
[Result "1/2-1/2"]
[WhiteElo "1885"]
[BlackElo "1654"]
[PlyCount "88"]
[EventDate "2009.07.11"]
[EventType "swiss"]
[EventRounds "9"]
[EventCountry "CAN"]
[SourceTitle "CBM 132 Extra"]
[Source "ChessBase"]
[SourceDate "2009.11.03"]
[SourceVersion "1"]
[SourceVersionDate "2009.11.03"]
[SourceQuality "1"]

1. e4 c5 2. Nf3 Nc6 3. c3 d5 4. exd5 Qxd5 5. d4 Bg4 6. Be2 cxd4 7. cxd4 e6 8. 0-0 Nf6 9. Nc3 Qd8 10. Be3 Be7 11. Qa4 0-0 12. Rfd1 Qa5 13. Qb3 Qb4 14. Qxb4 Nxb4 15. Rac1 Nfd5 16. Nxd5 Nxd5 17. Kf1 Rac8 18. Ne5 Bxe2+ 19. Kxe2 f6 20. Nd3 b6 21. Nf4 Nxf4+ 22. Bxf4 Rfd8 23. Rxc8 Rxc8 24. Rc1 Rxc1 25. Bxc1 f5 26. a4 g5 27. Kd3 Kf7 28. Kc4 a6 29. Bd2 h5 30. Bb4 Bd8 31. Bc3 Bc7 32. h3 g4 33. d5 Ke7 34. Bb4+ Kd7 35. dxe6+ Kxe6 36. Bc3 Be5 37. Bd4 gxh3 38. gxh3 Bc7 39. f3 Kd6 40. b4 Kc6 41. b5+ axb5+ 42. axb5+ Kd6 43. f4 Ke6 44. Be3 Kd6 1/2-1/2

[Event "Montreal Mercredi 04"]
[Site "Montreal"]
[Date "2009.04.08"]
[Round "2"]
[White "Pomerantz, Daniel"]
[Black "Brodie, Hugh"]
[Result "1-0"]
[WhiteElo "1852"]
[BlackElo "1846"]
[PlyCount "63"]
[EventDate "2009.04.01"]
[EventType "tourn"]
[EventRounds "5"]
[EventCountry "CAN"]
[SourceTitle "EXT 2011"]
[Source "ChessBase"]
[SourceDate "2010.11.26"]
[SourceVersion "1"]
[SourceVersionDate "2010.11.26"]
[SourceQuality "1"]

1. e4 c5 2. Nf3 Nc6 3. d4 cxd4 4. Nxd4 g6 5. c4 Bg7 6. Be3 Nf6 7. Nc3 Ng4 8. Qxg4 Nxd4 9. Qd1 e5 10. Be2 0-0 11. 0-0 f5 12. f3 d6 13. Qd2 Be6 14. Rfd1 a6 15. Rac1 Qd7 16. b3 Rae8 17. Bd3 f4 18. Bf2 g5 19. Ne2 g4 20. Nxd4 exd4 21. Be2 Be5 22. Bxd4 Qg7 23. Kh1 Rf6 24. fxg4 Bxg4 25. Bf3 Rg6 26. Bxe5 dxe5 27. Bxg4 Rxg4 28. Qd7 Qg6 29. Rd2 Kh8 30. Rd6 Qh5 31. Rh6 Rg7 32. Qxg7+ 1-0

[Event "Montreal Mercredi 10"]
[Site "Montreal"]
[Date "2008.10.08"]
[Round "1"]
[White "Caceres Cortes, Julio"]
[Black "Brodie, Hugh"]
[Result "0-1"]
[WhiteElo "1930"]
[BlackElo "1825"]
[PlyCount "114"]
[EventDate "2008.10.08"]
[EventType "tourn"]
[EventRounds "5"]
[EventCountry "CAN"]
[SourceTitle "EXT 2011"]
[Source "ChessBase"]
[SourceDate "2010.11.26"]
[SourceVersion "1"]
[SourceVersionDate "2010.11.26"]
[SourceQuality "1"]

1. e4 c5 2. Nf3 Nc6 3. Bb5 g6 4. 0-0 Bg7 5. c3 Nf6 6. Re1 0-0 7. d4 cxd4 8. cxd4 d6 9. h3 a6 10. Bf1 e5 11. Nc3 Nh5 12. Bg5 Bf6 13. Be3 Bg7 14. dxe5 dxe5 15. Qxd8 Rxd8 16. Bb6 Rf8 17. Rad1 Nf4 18. Nd5 h6 19. Nc7 Rb8 20. Bc4 g5 21. Rd6 g4 22. hxg4 Bxg4 23. Nh4 Rbd8 24. Rxd8 Rxd8 25. f3 Bc8 26. Nd5 Re8 27. Ne3 Be6 28. Bxe6 Nxe6 29. Nhf5 Ned4 30. Nd6 Re7 31. Nd5 Rd7 32. Ne8 Kh8 33. Kf2 Nc2 34. Rc1 N2d4 35. Rh1 f5 36. Nxg7 Kxg7 37. Ne3 fxe4 38. fxe4 Rf7+ 39. Ke1 Rf4 40. Bc7 Rxe4 41. Kd2 Rf4 42. g4 Rf2+ 43. Kd3 Rxb2 44. Bxe5+ Nxe5+ 45. Kxd4 Nxg4 46. Kc3 Rxa2 47. Nxg4 Ra3+ 48. Kb4 Rf3 49. Nxh6 b6 50. Kc4 Rf6 51. Ng4 Rf4+ 52. Kd5 Rxg4 53. Ra1 a5 54. Kc6 Rb4 55. Ra2 Kf6 56. Ra1 Ke5 57. Ra2 Kd4 0-1

[Event "Canadian op"]
[Site "Edmonton"]
[Date "2005.07.17"]
[Round "10"]
[White "Brodie, Hugh"]
[Black "Chan, Michael"]
[Result "1-0"]
[WhiteElo "1915"]
[BlackElo "1700"]
[PlyCount "63"]
[EventDate "2005.07.09"]
[EventType "swiss"]
[EventRounds "10"]
[EventCountry "CAN"]
[SourceTitle "CBM 107 Extra"]
[Source "ChessBase"]
[SourceDate "2005.09.01"]
[SourceVersion "1"]
[SourceVersionDate "2005.09.01"]
[SourceQuality "1"]

1. f4 d5 2. e3 Nf6 3. b3 Bf5 4. Nf3 e6 5. Bb2 Nbd7 6. Be2 Bd6 7. 0-0 c6 8. Ne5 Qc7 9. Nxd7 Qxd7 10. c4 0-0-0 11. cxd5 exd5 12. Be5 Bxe5 13. fxe5 Ng4 14. Rxf5 h5 15. Bxg4 hxg4 16. Qxg4 Kb8 17. Rg5 Qe7 18. Nc3 f5 19. exf6 gxf6 20. Rg7 Qf8 21. Rf1 d4 22. exd4 Ka8 23. h3 Qb4 24. Rxf6 Rhe8 25. Rd7 Re1+ 26. Kh2 Rde8 27. Rff7 a5 28. Rxb7 Qd6+ 29. g3 R8e6 30. Ra7+ Kb8 31. Rfb7+ Kc8 32. Na4 1-0

[Event "Canadian op"]
[Site "Edmonton"]
[Date "2005.07.13"]
[Round "6"]
[White "Brodie, Hugh"]
[Black "Mrugala, David"]
[Result "1/2-1/2"]
[WhiteElo "1915"]
[BlackElo "1627"]
[PlyCount "44"]
[EventDate "2005.07.09"]
[EventType "swiss"]
[EventRounds "10"]
[EventCountry "CAN"]
[SourceTitle "CBM 107 Extra"]
[Source "ChessBase"]
[SourceDate "2005.09.01"]
[SourceVersion "1"]
[SourceVersionDate "2005.09.01"]
[SourceQuality "1"]

1. f4 d5 2. e3 c6 3. b3 Bf5 4. Nf3 e6 5. Bb2 Nd7 6. Be2 Ngf6 7. 0-0 Qc7 8. c4 Bd6 9. cxd5 exd5 10. Nc3 h5 11. Rc1 a6 12. Nd4 Bg4 13. h3 Bxe2 14. Qxe2 0-0-0 15. Nf5 g6 16. Nxd6+ Qxd6 17. Nd1 Rde8 18. Qf3 Rhg8 19. Be5 Qb4 20. Bc3 Qd6 21. Be5 Qb4 22. Bc3 Qd6 1/2-1/2

[Event "Western Canadian op"]
[Site "Richmond"]
[Date "2004.07.13"]
[Round "5"]
[White "Heppenstall, Lara"]
[Black "Brodie, Hugh"]
[Result "0-1"]
[WhiteElo "1750"]
[BlackElo "1900"]
[PlyCount "86"]
[EventDate "2004.07.09"]
[EventType "swiss"]
[EventRounds "10"]
[EventCountry "CAN"]
[SourceTitle "EXT 2006"]
[Source "ChessBase"]
[SourceDate "2005.11.24"]
[SourceVersion "1"]
[SourceVersionDate "2005.11.24"]
[SourceQuality "1"]

1. d4 e6 2. c4 f5 3. Nf3 Nf6 4. Nc3 Bb4 5. a3 Bxc3+ 6. bxc3 b6 7. e3 Bb7 8. Bd3 0-0 9. 0-0 Qe8 10. Nd2 d6 11. Qe2 Nbd7 12. e4 f4 13. Nf3 e5 14. d5 Nc5 15. Bc2 Bc8 16. h3 Bd7 17. Rb1 Nfxe4 18. Bb2 Nf6 19. Rfe1 Qh5 20. Nd2 Ba4 21. Qxh5 Nxh5 22. Bxa4 Nxa4 23. Ne4 h6 24. Kh2 Nf6 25. f3 Nxe4 26. Rxe4 g5 27. Ba1 Kf7 28. Rd1 Kf6 29. Re2 Rae8 30. c5 Nxc5 31. c4 Kf5 32. g4+ fxg3+ 33. Kxg3 Kg6 34. Rde1 Rf4 35. Bb2 Nd3 36. Rb1 Nxb2 37. Rbxb2 Ref8 38. Re3 Rxc4 39. Rd2 Rff4 40. Rdd3 Kf6 41. Rc3 Ke7 42. a4 Kd7 43. Ra3 Rxa4 0-1